000 00627nam a2200241Ia 4500
001 4834
005 20240113233802.0
007 ta
008 050615s g b000 u hin u
020 _cHB
040 _aCotton College,Assam
041 _ahin
082 _a891.432
_bM 687 K
100 _aMishra, Lakshminarayan .
245 0 _aKaveri Mein Kamal /
_cLakshminarayan Mishra.
_hTextual Documents
260 _aBaranashi :
_bHindi Prasarak Pustakalay ,
_cNd.
300 _a115p. ;
_c18cm..
653 _aHindi Drama
653 _aGen-Hindi
942 _2ddc
_cBK
999 _c4821
_d4821